Compraventa internacional de mercaderias: análisis de la convención de las Naciones Unidas
Wedi'i Gadw mewn:
| Prif Awduron: | , , |
|---|---|
| Fformat: | Llyfr |
| Iaith: | Sbaeneg |
| Cyhoeddwyd: |
Santiago
Jurídica de Chile
1985
|
| Pynciau: | |
| Tagiau: |
Ychwanegu Tag
Dim Tagiau, Byddwch y cyntaf i dagio'r cofnod hwn!
|
MARC
| LEADER | 00000nam a2200000 a 4500 | ||
|---|---|---|---|
| 001 | UCV2054 | ||
| 003 | CL-VaPUC | ||
| 008 | 911003e19850000CL |||||||||||||||||spa|d | ||
| 082 | 0 | 4 | |a 341.754 |b ESP |2 21 |
| 100 | 0 | |a Espina Otero, Alberto |e author |9 296269 | |
| 700 | 0 | |a Quintana Hurtado, Alejandro |e author |9 296270 | |
| 700 | 0 | |a Barros Bourie, Enrique |e author |9 296271 | |
| 245 | 1 | 0 | |a Compraventa internacional de mercaderias: análisis de la convención de las Naciones Unidas |
| 300 | |a 229 p | ||
| 942 | |c BK | ||
| 945 | |d 19911003 00:00:00 | ||
| 260 | |a Santiago |b Jurídica de Chile |c 1985 | ||
| 650 | 0 | |a Derecho comercial |9 256340 | |
| 583 | |a last modification |c 19911003 00:00:00 |k Rodrigo Vera | ||
| 999 | |c 209743 |d 209741 | ||
| 952 | |0 0 |1 0 |4 0 |6 341_754000000000000_ESP_1985 |7 0 |8 A |9 185439 |a BIBDER |b BIBDER |d 2019-11-14 |i 2529262 |o 341.754 ESP 1985 |p 2529262 |r 2023-01-25 |w 2019-11-14 |y BK |k DER | ||